The most used czech names - Statistics

General Stats
  • This quiz has been taken 31 times
  • The average score is 16 of 36
Answer Stats
Answer % Correct
Jakub
87%
Jan
87%
Petr
83%
Anna
65%
Tomáš
65%
Josef
61%
Martin
61%
Pavel
61%
Jiří
57%
Karel
52%
Lucie
52%
Tereza
52%
David
48%
Jana
48%
Marie
48%
Alena
43%
Jaroslav
43%
Kateřina
43%
Lukáš
43%
Michal
43%
Miroslav
43%
Petra
43%
Václav
43%
Veronika
43%
Eva
39%
František
39%
Hana
30%
Martina
30%
Zdeněk
30%
Lenka
26%
Milan
26%
Věra
22%
Michaela
17%
Vladimír
17%
Jitka
13%
Jaroslava
9%
No matching quizzes found
Score Distribution
Percent of People with Each Score
Percentile by Number Answered
Your Score History
You have not taken this quiz